| 000 | 00000nam 2200000zi 4500 |
| 001 | 9.936328 |
| 003 | CaOODSP |
| 005 | 20250801082049 |
| 006 | m o d f |
| 007 | cr mn||||||||| |
| 008 | 240404t20242024onca o f000 0 eng d |
| 020 | |a9780660711751 |
| 040 | |aCaOODSP|beng|erda|cCaOODSP |
| 041 | 0 |aeng|afre |
| 043 | |an-cn--- |
| 045 | |ay2y2 |
| 086 | 1 |aCi4-194/2024E-PDF |
| 245 | 00|a2023-24 International Experience Canada (IEC) study : |bfinal report / |cprepared for Immigration, Refugees and Citizenship Canada. |
| 246 | 3 |a2023-24 International Experience Canada (IEC) study |
| 246 | 17|a2023-24 IEC youth study |
| 264 | 1|a[Ottawa] : |bImmigration, Refugees and Citizenship Canada = Immigration, réfugiés et citoyenneté Canada, |c2024. |
| 264 | 4|c©2024 |
| 300 | |a1 online resource (61 pages) + |eappendix (89 unnumbered pages : colour illustrations) + summary (8 unnumbered pages) |
| 336 | |atext|btxt|2rdacontent |
| 337 | |acomputer|bc|2rdamedia |
| 338 | |aonline resource|bcr|2rdacarrier |
| 500 | |aIssued also in French under title: Étude sur Expérience internationale Canada (EIC) 2023-2024 : rapport final. |
| 500 | |aTitle from cover. |
| 500 | |a"Supplier name: Environics Research." |
| 500 | |a"Contract number: CW2334686." |
| 500 | |a"Delivery date: 2024-03-20." |
| 500 | |a"Registration number: POR 072-23." |
| 546 | |aText in English; Appendix B in English and French. |
| 650 | 0|aCanadians|xEmployment|zForeign countries|xPublic opinion. |
| 650 | 0|aYoung adults|xEmployment|zForeign countries|xPublic opinion. |
| 650 | 0|aEmployment in foreign countries|xGovernment policy|zCanada|xPublic opinion. |
| 650 | 0|aPublic opinion|zCanada. |
| 650 | 0|aYoung adults|zCanada|xAttitudes. |
| 710 | 1 |aCanada. |bImmigration, Refugees and Citizenship Canada, |eissuing body. |
| 710 | 2 |aEnvironics Research Group, |econsultant. |
| 775 | 08|tÉtude sur Expérience internationale Canada (EIC) 2023-2024 : |w(CaOODSP)9.936329 |
| 794 | |t2024-25 International Experience Canada (IEC) youth study : |w(CaOODSP)9.952853 |
| 795 | |t2023 International Experience Canada (IEC) study : |w(CaOODSP)9.926677 |
| 856 | 40|qPDF|s1.78 MB|uhttps://publications.gc.ca/collections/collection_2024/ircc/Ci4-194-2024-eng.pdf|zFinal report |
| 856 | 40|qPDF|s1.62 MB|uhttps://publications.gc.ca/collections/collection_2024/ircc/Ci4-194-2024-1.pdf|zAppendix B |
| 856 | 40|qPDF|s328 KB|uhttps://publications.gc.ca/collections/collection_2024/ircc/Ci4-194-2024-2-eng.pdf|zExecutive summary |
| 856 | 4 |qHTML|sN/A|uhttps://epe.bac-lac.gc.ca/100/200/301/pwgsc-tpsgc/por-ef/immigration_refugees/2024/072-23-e/072-23-report.html|zFinal report |
| 856 | 4 |qHTML|sN/A|uhttps://epe.bac-lac.gc.ca/100/200/301/pwgsc-tpsgc/por-ef/immigration_refugees/2024/072-23-e/072-23-Instrument-Appendix.htm|zAppendix B |
| 856 | 4 |qHTML|sN/A|uhttps://epe.bac-lac.gc.ca/100/200/301/pwgsc-tpsgc/por-ef/immigration_refugees/2024/072-23-e/summary/072-23-summary.html|zExecutive summary |
| 856 | 4 |qHTML|sN/A|uhttps://epe.bac-lac.gc.ca/100/200/301/pwgsc-tpsgc/por-ef/immigration_refugees/2024/072-23-e/index.html|zComplete dataset |